000 00407nam a22001457a 4500
003 OSt
005 20230523103505.0
008 211123b ||||| |||| 00| 0 eng d
040 _cAIMIT LIBRARY
100 _aDsouza, Maclean Tejas; B L Srinivas.
_d191905
_910752
245 _aScreener
260 _aInfomatics corp; Mangalore.
_bSrinivas B L.
_c2021
856 _uwww.infomaticscorp.com
942 _2ddc
_cPRO
999 _c220715
_d220715